What's in a name in a war /

Hlavní autor: Jurajda, Štěpán, 1970-
Další autoři: Kovač, Dejan, 1984-
Jazyk: Angličtina
Vydáno: Prague : CERGE-EI, 2016
Edice: Working paper series (CERGE-EI)
Témata:
Fyzický popis: 44 stran : ilustrace, mapy ; 21 cm
Language note: České a anglické resumé
Knihy
Uloženo v:
LEADER 02721nam a2200733 i 4500
001 nkc20162855156
003 CZ PrNK
005 20170622091746.0
007 ta
008 170512s2016 xr ab f 000 0 eng
015 |a cnb002855156 
020 |a 978-80-7343-380-2  |q (Centrum pro ekonomický výzkum a doktorské studium UK ;  |q brožováno) 
020 |a 978-80-7344-396-2  |q (Národohospodářský ústav AV ČR ;  |q brožováno) 
035 |a (OCoLC)993651485 
040 |a ABA001  |b cze  |e rda 
041 0 |a eng  |b cze  |b eng 
043 |a e-ci--- 
045 |a x-x- 
072 7 |a 316  |x Sociologie  |2 Konspekt  |9 18 
080 |a 172.15  |2 MRF 
080 |a 81'373.231  |2 MRF 
080 |a 316.6:159.953  |2 MRF 
080 |a 316.4.051.63  |2 MRF 
080 |a 329.18(497.5)-051  |2 MRF 
080 |a 355.48(497.1)"1991/1995"  |2 MRF 
080 |a 81'27  |2 MRF 
080 |a (497.5)  |2 MRF 
080 |a (048.8)  |2 MRF 
100 1 |a Jurajda, Štěpán,  |d 1970-  |7 xx0003189  |4 aut 
245 1 0 |a What's in a name in a war /  |c Štěpán Jurajda, Dejan Kovač 
264 1 |a Prague :  |b CERGE-EI,  |c 2016 
300 |a 44 stran :  |b ilustrace, mapy ;  |c 21 cm 
336 |a text  |b txt  |2 rdacontent 
337 |a bez média  |b n  |2 rdamedia 
338 |a svazek  |b nc  |2 rdacarrier 
490 1 |a Working paper series,  |x 1211-3298 ;  |v 573 
504 |a Obsahuje bibliografii a bibliografické odkazy 
546 |a České a anglické resumé 
648 7 |a 20. století  |7 ch460558  |2 czenas 
650 0 7 |a nacionalismus  |7 ph123148  |2 czenas 
650 0 7 |a rodná jména  |7 ph139209  |2 czenas 
650 0 7 |a sociální paměť  |7 ph114496  |z Chorvatsko  |2 czenas 
650 0 7 |a mezigenerační vztahy  |7 ph202180  |z Chorvatsko  |2 czenas 
650 0 7 |a ustašovci  |7 ph164237  |z Chorvatsko  |2 czenas 
650 0 7 |a jugoslávská válka (1991-1995)  |7 ph114842  |z Chorvatsko  |2 czenas 
650 0 7 |a sociolingvistika  |7 ph125749  |2 czenas 
650 0 9 |a nationalism  |2 eczenas 
650 0 9 |a first names  |2 eczenas 
650 0 9 |a social memory  |z Croatia  |2 eczenas 
650 0 9 |a intergenerational relations  |z Croatia  |2 eczenas 
650 0 9 |a Ustashi  |z Croatia  |2 eczenas 
650 0 9 |a Yugoslav War (1991-1995)  |z Croatia  |2 eczenas 
650 0 9 |a sociolinguistics  |2 eczenas 
655 7 |a studie  |7 fd133597  |2 czenas 
655 9 |a studies  |2 eczenas 
700 1 |a Kovač, Dejan,  |d 1984-  |7 jo2017953195  |4 aut 
830 0 |a Working paper series (CERGE-EI)  |0 s 
910 2 |a BOA001  |b 2-1390.520 
928 9 |a Národohospodářský ústav AV ČR 
928 9 |a Univerzita Karlova, Centrum pro ekonomický výzkum a doktorské studium 
990 |a BK 
995 |a 01 
991 |b 201706  |c NOV 
996 6 |b 2610710492  |c 2-1390.520  |l MZK  |r Sklad / do 1 hodiny  |n 0  |p p.v.  |w 001615849  |u 000010  |a 1  |e BOA001  |j MZK50  |s P